The Cure or Echo & the Bunnymen? Sudden Death - Statistics

General Stats
  • This quiz has been taken 21 times
  • The average score is 11 of 14
Answers on the Grid
Answers color-coded by a green-red scale on the quiz's grid according to % correct below.
10:15 on a Saturday Night
A Forest
The Cutter
Bring on the Dancing Horses
Three Imaginary Boys
The Killing Moon
Silver
Boys Don't Cry
Jumping Someone Else's Train
Seven Seas
Let's Go to Bed
In Between Days
Close to Me
Lips Like Sugar
Lullaby
Pictures of You
The End of the World
A Fragile Thing
Kyoto Song
Six Different Ways
 
Answer Stats
Answer % Correct
Boys Don't Cry
100%
10:15 on a Saturday Night
88%
Close to Me
88%
Jumping Someone Else's Train
88%
Pictures of You
88%
A Forest
81%
In Between Days
81%
Lullaby
81%
Let's Go to Bed
75%
The End of the World
75%
Three Imaginary Boys
75%
A Fragile Thing
69%
Kyoto Song
63%
Six Different Ways
63%
No matching quizzes found
Score Distribution
Percent of People with Each Score
Percentile by Number Answered
Your Score History
You have not taken this quiz